Návrh toroidného neurónového procesora

Salvato in:
Dettagli Bibliografici
Autore principale: Hušťava, Marek (Autore)
Altri autori: Hudec, Ján, 1953- (Relatore della tesi)
Natura: Manoscritto Libro
Lingua:slovacco
Pubblicazione: Bratislava : STU v Bratislave FEI, 2001
Soggetti:
Tags: Aggiungi Tag
Nessun Tag, puoi essere il primo ad aggiungerne!!

MARC

LEADER 00000ntm a22000003a 4500
001 stu73543
005 20160719164803.7
008 020201s2001------------------------slo-d
040 |a STU  |b slo 
041 0 |a slo 
100 1 |a Hušťava, Marek  |4 aut 
245 1 |a Návrh toroidného neurónového procesora 
260 |a Bratislava :  |b STU v Bratislave FEI,  |c 2001 
300 |a 126 s  |c príl 
650 7 |a informatika  |2 stusub 
700 1 |a Hudec, Ján,  |d 1953-  |4 ths  |u E220  |U FEI Fakulta elektrotechniky a informatiky  |T FEI Katedra informatiky a výpočtovej techniky  |X 1995  |U E220  |Y 69  |7 A000001995 
996 |b EDIPL-6823  |c I*DIPL-6823  |l II680  |s A  |a 24  |w stu73543_0001